000 00325nam a2200121Ia 4500
008 150201s2011 xx 000 0 und d
082 _a531.3822
_bKAZ
100 _aKazimi, S. M. A
245 _aSolid mechanics
260 _bTata McGraw Hill Education Private Limited
_aNew Delhi
_c2011
300 _a450p.
942 _2ddc
_cBK
_02
999 _c5169
_d5169